[Event "Reykjavik Open 2026"]
[Site "Reykjavik ISL"]
[Date "2026.03.27"]
[Round "4.125"]
[White "Stolpe, Samuel"]
[Black "Jagic, Jakov"]
[Result "1-0"]
[WhiteElo "1810"]
[BlackElo "2038"]
[WhiteFideId "30941202"]
[BlackFideId "2528398"]
[EventDate "2026.03.25"]

1. d4 d6 2. Nf3 Nf6 3. g3 g6 4. Bg2 Bg7 5. O-O O-O 6. b3 c5 7. c4 Nc6 8. Bb2 a6
9. d5 Na5 10. Nc3 Rb8 11. Qd3 Bf5 12. e4 Nxe4 13. Nh4 Nxc3 14. Nxf5 gxf5 15.
Bxc3 Bxc3 16. Qxc3 b5 17. cxb5 axb5 18. Qe3 Qd7 19. Rfe1 Rb7 20. Qg5+ Kh8 21.
Bh3 Rg8 22. Qxf5 Qxf5 23. Bxf5 Rg5 24. g4 Ra7 25. Re3 Kg8 26. Rae1 Kf8 27. Rh3
Rg7 28. Rxh7 Rxh7 29. Bxh7 Nb7 30. Re2 Nd8 31. Bd3 b4 32. f4 e6 33. Bc4 Re7 34.
Kf2 Kg7 35. dxe6 fxe6 36. f5 e5 37. g5 Rd7 38. Bd5 Nf7 39. h4 Ra7 40. Kf3 Rc7
41. Kg4 Nd8 42. f6+ Kh7 43. Kf5 Nc6 44. Bxc6 Rxc6 45. g6+ Kg8 46. h5 c4 47. f7+
Kf8 48. bxc4 Rxc4 49. Ke6 Rh4 50. Kxd6 e4 51. Ke6 b3 52. axb3 Rxh5 53. Kf6 Rh6
54. Ra2 1-0

[Event "Reykjavik Open 2026"]
[Site "Reykjavik ISL"]
[Date "2026.03.27"]
[Round "4.126"]
[White "Mensing, Adrian"]
[Black "Arnalds, Stefan"]
[Result "1-0"]
[WhiteElo "2044"]
[BlackElo "1809"]
[WhiteFideId "1043293"]
[BlackFideId "2304821"]
[EventDate "2026.03.25"]

1. d4 Nf6 2. Nc3 d5 3. Bf4 a6 4. e3 e6 5. g4 Bb4 6. Bd3 Bxc3+ 7. bxc3 Ne4 8. c4
g5 9. Be5 f6 10. Bg3 Nxg3 11. hxg3 Qe7 12. c3 Nd7 13. Bg6+ Kd8 14. cxd5 exd5 15.
Qf3 c6 16. Ne2 Kc7 17. Bd3 Nb6 18. a4 Be6 19. Rh6 Raf8 20. a5 Nc4 21. Bxc4 dxc4
22. e4 Qd7 23. Qe3 Bxg4 24. f3 Be6 25. Rb1 Kb8 26. g4 Qg7 27. Rh1 h5 28. gxh5 f5
29. d5 cxd5 30. Qb6 Rh6 31. Qd6+ Ka8 32. Rb6 Rff6 33. e5 Rf8 34. Nd4 Re8 35. Kf2
Bc8 36. Qxh6 Qxe5 37. Qxg5 Qh8 38. Qf6 Qh7 39. Rxa6+ bxa6 40. Qc6+ 1-0

[Event "Reykjavik Open 2026"]
[Site "Reykjavik ISL"]
[Date "2026.03.27"]
[Round "4.127"]
[White "Thorsteinsdottir, Hallgerdur"]
[Black "Sakinis, Rimandas"]
[Result "1-0"]
[WhiteTitle "WFM"]
[WhiteElo "2042"]
[BlackElo "1804"]
[WhiteFideId "2302454"]
[BlackFideId "12864749"]
[EventDate "2026.03.25"]

1. e4 d6 2. d4 Nf6 3. Nc3 c6 4. f4 Qa5 5. Bd3 e5 6. Nf3 Nbd7 7. O-O Be7 8. Kh1
exd4 9. Nxd4 Nc5 10. e5 dxe5 11. fxe5 Bg4 12. Be2 Bxe2 13. Qxe2 Ng8 14. Nf5 Ne6
15. Bd2 O-O-O 16. Nxe7+ Nxe7 17. Rxf7 Ng6 18. Ne4 Qxe5 19. Bc3 Nd4 20. Qg4+ Qe6
21. Qxe6+ Nxe6 22. Bxg7 Nxg7 23. Rxg7 Nh4 24. g3 Nf5 25. Rf7 Nd6 26. Nxd6+ Rxd6
27. Raf1 h6 28. Kg2 Rd2+ 29. R1f2 Rhd8 30. Rxd2 Rxd2+ 31. Rf2 Rd5 32. Kh3 Kc7
33. Kh4 Rb5 34. b3 Ra5 35. a4 Rc5 36. g4 Kd7 37. Rf7+ Ke6 38. Rh7 h5 39. Rxh5
Rxc2 40. Kg5 Rc3 41. Rh6+ Kd5 42. h4 Rxb3 43. Rh8 Ke6 44. Kg6 Rb4 45. g5 Rxa4
46. h5 c5 47. Rc8 Ra6 48. Rxc5 Kd7+ 49. Kg7 Re6 50. Rf5 Re7+ 51. Rf7 b5 52. h6
b4 53. h7 1-0

[Event "Reykjavik Open 2026"]
[Site "Reykjavik ISL"]
[Date "2026.03.27"]
[Round "4.128"]
[White "Vega, Isaac"]
[Black "Stevens, Christian FRA"]
[Result "1/2-1/2"]
[WhiteElo "1803"]
[BlackElo "2034"]
[WhiteFideId "30914035"]
[BlackFideId "649090"]
[EventDate "2026.03.25"]

1. e4 c5 2. Nc3 Nc6 3. f4 g6 4. Nf3 Bg7 5. Bb5 Nd4 6. O-O a6 7. Bd3 d6 8. Nxd4
cxd4 9. Ne2 Nf6 10. c3 dxc3 11. bxc3 b5 12. Bc2 Bb7 13. d3 O-O 14. h3 Qc7 15.
Be3 Rac8 16. Rc1 Qa5 17. Bb3 Nd7 18. f5 Nc5 19. fxg6 hxg6 20. Qd2 Nxb3 21. axb3
d5 22. exd5 Bxd5 23. Ra1 Qc7 24. Bh6 Qc6 25. Bxg7 Kxg7 26. Nd4 Qb6 27. Qe3 Kg8
28. Qh6 e5 29. Rxa6 Qxa6 30. Nf5 Qf6 31. g4 Rce8 32. Qe3 gxf5 33. Rxf5 Qxf5 34.
gxf5 f6 35. c4 bxc4 36. dxc4 Ba8 37. b4 Rf7 38. Kf1 Rg7 39. c5 Bd5 40. Qd3 Rd8
41. Qa6 Rf7 42. c6 Rc7 43. b5 Rdc8 44. Qb6 Bc4+ 45. Kf2 Bxb5 46. Qxb5 Rxc6 47.
Qd5+ Kf8 48. h4 R8c7 49. Kf3 Kg7 50. Qd8 Rc4 51. Kg3 Kf7 52. Qd5+ Kg7 1/2-1/2

[Event "Reykjavik Open 2026"]
[Site "Reykjavik ISL"]
[Date "2026.03.27"]
[Round "4.130"]
[White "Winter, Kevin"]
[Black "Mariller, Romain"]
[Result "0-1"]
[WhiteElo "1791"]
[BlackElo "2031"]
[WhiteFideId "421960"]
[BlackFideId "45136912"]
[EventDate "2026.03.25"]

1. d4 Nf6 2. Nf3 c5 3. d5 e6 4. c4 exd5 5. cxd5 d6 6. Nc3 g6 7. e4 Bg7 8. Be2
O-O 9. O-O Re8 10. Nd2 Nbd7 11. a4 a6 12. f4 c4 13. Bf3 Nc5 14. Nxc4 Ncxe4 15.
a5 Qc7 16. Nb6 Qc5+ 17. Kh1 Nf2+ 18. Rxf2 Qxf2 19. Bd2 Rb8 20. h3 Bf5 21. Nc4
Rbd8 22. Qg1 Qxg1+ 23. Kxg1 Bd3 24. Nb6 Ne4 25. Bxe4 Bxe4 26. Ra4 Bd3 27. Ra1
Re7 28. Ra4 Rde8 29. Rb4 Bf6 30. Kh2 Kg7 31. Nc4 Bxc4 32. Rxc4 Bh4 33. f5 Bf6
34. Bf4 Be5 0-1

[Event "Reykjavik Open 2026"]
[Site "Reykjavik ISL"]
[Date "2026.03.27"]
[Round "4.131"]
[White "Dillenschneider, Antoine"]
[Black "Akhmetov, Kirill"]
[Result "1-0"]
[WhiteElo "1787"]
[BlackElo "2028"]
[WhiteFideId "527032787"]
[BlackFideId "40103412"]
[EventDate "2026.03.25"]

1. Nf3 d5 2. c4 c6 3. e3 Nf6 4. Nc3 a6 5. d4 Bf5 6. Be2 e6 7. Nh4 Be4 8. O-O Bd6
9. Nxe4 dxe4 10. g3 g5 11. Ng2 h5 12. b3 h4 13. Bb2 Qc7 14. d5 Nbd7 15. dxe6
fxe6 16. Bg4 Ke7 17. Be2 Rh6 18. c5 Nxc5 19. Qc2 Ncd7 20. Rad1 hxg3 21. fxg3
Rah8 22. Bxf6+ Nxf6 23. Rxf6 Kxf6 24. Qxe4 Rxh2 25. Nh4 gxh4 26. Kxh2 Bxg3+ 27.
Kh1 Qe5 28. Rf1+ Kg7 29. Qg4+ Kh6 30. Bd3 Rg8 31. Qxg8 Qd5+ 32. e4 Qxd3 33. Rf6+
Kh5 1-0

[Event "Reykjavik Open 2026"]
[Site "Reykjavik ISL"]
[Date "2026.03.27"]
[Round "4.132"]
[White "Hill, Andy"]
[Black "Rijnders, Nanno"]
[Result "1-0"]
[WhiteElo "2030"]
[BlackElo "1749"]
[WhiteFideId "499927"]
[BlackFideId "1065670"]
[EventDate "2026.03.25"]

1. Nf3 d5 2. d4 Nf6 3. e3 Bg4 4. Nbd2 e6 5. h3 Bxf3 6. Nxf3 Bd6 7. c4 c6 8. Bd3
Nbd7 9. O-O O-O 10. a3 Re8 11. Qc2 e5 12. dxe5 Nxe5 13. Nxe5 Bxe5 14. Rd1 dxc4
15. Bxh7+ Nxh7 16. Rxd8 Raxd8 17. f4 Bc7 18. e4 Bb6+ 19. Kh2 Rd3 20. Bd2 Rxe4
21. Re1 Nf6 22. Rxe4 Nxe4 23. Be1 Re3 24. Bc3 Nxc3 25. bxc3 Bc7 26. Qf5 Re8 27.
Kg3 Re6 28. Qb1 b5 29. Kf3 Bb6 30. Kg4 Bc5 31. Qd1 Bxa3 32. Qd8+ Kh7 33. Qd7 Kg8
34. Qxa7 Bb2 35. f5 Rf6 36. Qe3 b4 37. cxb4 g6 38. fxg6 Rxg6+ 39. Kf3 Bf6 40.
Qe8+ Kg7 41. Qxc6 c3 42. b5 Bd4 43. Qc4 Rd6 44. g4 Kf6 45. b6 Bxb6 46. Qxc3+ Bd4
47. Qd2 Kg6 48. h4 Rf6+ 49. Ke4 Ba1 50. h5+ Kh7 51. g5 Rf1 52. Qd3 Rf2 53. Kd5+
Kg7 54. Kd6 Rf4 55. Ke7 Bd4 56. h6+ Kg8 57. g6 Bf6+ 58. Ke8 fxg6 59. Qxg6+ Kh8
60. Kd7 Rf2 61. Qe4 Kg8 62. Ke6 Kh8 63. Kf7 Bb2+ 64. Kg6 Rf6+ 65. Kh5 Rf8 66.
Qb4 Rf2 67. Qb8+ Kh7 68. Qa7+ 1-0

[Event "Reykjavik Open 2026"]
[Site "Reykjavik ISL"]
[Date "2026.03.27"]
[Round "4.133"]
[White "Janssens, Carlo"]
[Black "Braun, Janosch"]
[Result "1/2-1/2"]
[WhiteElo "2028"]
[BlackElo "1728"]
[WhiteFideId "217492"]
[BlackFideId "1355171"]
[EventDate "2026.03.25"]

1. Nf3 Nf6 2. c4 e6 3. e3 b6 4. d4 Bb7 5. Bd3 Bb4+ 6. Nbd2 c5 7. O-O cxd4 8.
exd4 O-O 9. a3 Be7 10. b3 d5 11. Qc2 dxc4 12. bxc4 h6 13. Bb2 Nbd7 14. Rad1 Rc8
15. Qb1 Qc7 16. Rfe1 Rfe8 17. Rc1 Qb8 18. h3 Nh5 19. Be4 Bxe4 20. Qxe4 Ndf6 21.
Qe3 Qf4 22. g3 Qxe3 23. Rxe3 g6 24. Ne5 Ng7 25. Kg2 Nf5 26. Rb3 Red8 27. Ndf3
Nd7 28. Ng4 Nf6 29. Ne3 Nxe3+ 30. fxe3 Ne4 31. a4 Rd7 32. Ba3 Bxa3 33. Rxa3 f6
34. a5 Rdc7 35. axb6 axb6 36. Rb3 Rxc4 37. Rxc4 Rxc4 38. Rxb6 Rc2+ 39. Kg1 Rc1+
40. Kg2 Rc2+ 41. Kg1 Rc1+ 42. Kg2 Rc2+ 1/2-1/2

[Event "Reykjavik Open 2026"]
[Site "Reykjavik ISL"]
[Date "2026.03.27"]
[Round "4.134"]
[White "Gilsson, Asmund"]
[Black "Petursson, Gudni"]
[Result "1/2-1/2"]
[WhiteElo "1727"]
[BlackElo "2027"]
[WhiteFideId "1541242"]
[BlackFideId "2301725"]
[EventDate "2026.03.25"]

1. d4 Nf6 2. c4 e6 3. Nc3 Bb4 4. Qc2 O-O 5. a3 Bxc3+ 6. Qxc3 d5 7. Bg5 c6 8. e3
Nbd7 9. Nf3 Qe7 10. Bd3 Re8 11. O-O Nf8 12. Rfe1 Ng6 13. e4 dxe4 14. Bxe4 Bd7
15. Bc2 Rac8 1/2-1/2

[Event "Reykjavik Open 2026"]
[Site "Reykjavik ISL"]
[Date "2026.03.27"]
[Round "4.135"]
[White "Maton, Emily"]
[Black "O Hanlon, Joe"]
[Result "1-0"]
[WhiteElo "2016"]
[BlackElo "1725"]
[WhiteFideId "343120293"]
[BlackFideId "2512157"]
[EventDate "2026.03.25"]

1. d4 d5 2. Nf3 c5 3. e3 Nf6 4. b3 e6 5. Bd3 Nbd7 6. Bb2 b6 7. Nbd2 Bb7 8. O-O
Ne4 9. Ne5 Bd6 10. f4 Ndf6 11. Bb5+ Ke7 12. Ndf3 Qc7 13. Ng5 Rhf8 14. Nxe4 dxe4
15. Ng4 a6 16. Nxf6 axb5 17. Ng4 c4 18. Qe1 f6 19. Qh4 c3 20. Bc1 Rh8 21. h3 Qd8
22. a4 Kd7 23. f5 Qe7 24. Qh5 e5 25. dxe5 Bxe5 26. Ba3 b4 27. Rad1+ Kc6 28.
Nxe5+ fxe5 29. f6 gxf6 30. Bxb4 Qxb4 31. Rxf6+ Kc7 32. Qxe5+ Kc8 33. Rf7 Qc5 34.
Qxh8+ 1-0

[Event "Reykjavik Open 2026"]
[Site "Reykjavik ISL"]
[Date "2026.03.27"]
[Round "4.136"]
[White "Banta, Robert Lance"]
[Black "Bathula, Abhinav Reddy"]
[Result "0-1"]
[WhiteElo "1724"]
[BlackElo "2020"]
[WhiteFideId "39908682"]
[BlackFideId "35005693"]
[EventDate "2026.03.25"]

1. c4 Nf6 2. Nc3 g6 3. d4 Bg7 4. e4 d6 5. g3 O-O 6. Bg2 c5 7. d5 e6 8. Nge2 exd5
9. exd5 Nbd7 10. O-O Ne5 11. b3 Bf5 12. h3 h5 13. Be3 Re8 14. Qd2 Bxh3 15. Bg5
Bxg2 16. Kxg2 Qd7 17. f3 a6 18. a4 Qf5 19. Rad1 Nh7 20. Be3 Re7 21. Ne4 Qd7 22.
N2c3 Rae8 23. Rde1 f6 24. Bf4 Nf7 25. Nf2 f5 26. Nh3 Bd4 27. Ne2 Bf6 28. Nc1 Kg7
29. Be3 g5 30. Nd3 b5 31. axb5 axb5 32. Bf2 bxc4 33. bxc4 Qa4 34. Rxe7 Rxe7 35.
Rc1 Qa3 36. Ng1 Rb7 37. Rc2 Nf8 38. Ne2 Ng6 39. f4 g4 40. Ra2 Qb3 41. Rc2 Re7
42. Nec1 Qa4 43. Ne2 Qe8 44. Nc3 h4 45. Nb5 hxg3 46. Bxg3 Re3 47. Nf2 Bh4 0-1

[Event "Reykjavik Open 2026"]
[Site "Reykjavik ISL"]
[Date "2026.03.27"]
[Round "4.137"]
[White "Rossiter, Philip E"]
[Black "Schmid, Bernhard"]
[Result "0-1"]
[WhiteElo "1722"]
[BlackElo "2015"]
[WhiteFideId "4301455"]
[BlackFideId "12915467"]
[EventDate "2026.03.25"]

1. Nf3 d5 2. b3 c5 3. e3 Nc6 4. Bb2 Nf6 5. Be2 g6 6. d4 cxd4 7. Nxd4 Bg7 8. Nxc6
bxc6 9. O-O O-O 10. Nd2 a5 11. c4 Qb6 12. Rc1 a4 13. cxd5 cxd5 14. Bd4 Qb7 15.
Qc2 axb3 16. axb3 Bf5 17. Qb2 Ne8 18. Bxg7 Nxg7 19. Nf3 Bg4 20. Rfd1 Rab8 21.
Nd4 Bxe2 22. Nxe2 Rfc8 23. Rxc8+ Rxc8 24. g3 Ne8 25. Qe5 e6 26. Nd4 Qb8 27. Qxb8
Rxb8 28. Ra1 Nd6 29. Ra7 Nb5 30. Nc6 Rb6 31. Ra8+ Kg7 32. Ne5 Nd6 33. Rd8 Kf6
34. f4 Ke7 35. Rh8 Rxb3 36. Rxh7 Kf8 37. Rh8+ Ke7 38. Rh7 Kf6 39. Ng4+ Kf5 40.
h3 Ke4 41. Kf2 Rb2+ 42. Ke1 Kf3 43. Kd1 Rb1+ 44. Kc2 Rh1 45. Ne5+ Kxe3 46. Nxf7
Nxf7 47. Rxf7 Rxh3 48. g4 Rh2+ 49. Kc1 Rh1+ 50. Kc2 d4 51. f5 d3+ 0-1

[Event "Reykjavik Open 2026"]
[Site "Reykjavik ISL"]
[Date "2026.03.27"]
[Round "4.138"]
[White "Parsheh, Arshia"]
[Black "Akeborg, Jonatan"]
[Result "1/2-1/2"]
[WhiteElo "1712"]
[BlackElo "2000"]
[WhiteFideId "30967473"]
[BlackFideId "1773089"]
[EventDate "2026.03.25"]

1. d4 Nf6 2. c4 e6 3. Nc3 d5 4. cxd5 exd5 5. Bg5 Bb4 6. e3 h6 7. Bh4 g5 8. Qa4+
Nc6 9. Bg3 Ne4 10. Rc1 h5 11. f3 Bxc3+ 12. bxc3 Nxg3 13. hxg3 Qd6 14. f4 Bd7 15.
Qc2 O-O-O 16. Nf3 g4 17. Ne5 Nxe5 18. dxe5 Qc5 19. Kf2 h4 20. Rxh4 Rxh4 21. gxh4
g3+ 22. Ke2 Rh8 23. Qb3 a5 24. Kd2 Rxh4 25. Be2 Bf5 26. Bf3 c6 27. c4 d4 28. e4
Bd7 29. Rb1 Qa7 30. f5 c5 31. e6 fxe6 32. e5 Bc6 33. Bxc6 bxc6 34. Qxg3 Qh7 35.
Qb3 Qc7 36. fxe6 Rh8 37. a4 Re8 38. Qf3 Rxe6 39. Qf8+ Kd7 40. Qf7+ Re7 41. e6+
Kd8 42. Qf8+ Re8 43. Qf6+ Kc8 44. Qf5 Qg3 45. e7+ Kc7 46. Rb7+ Kxb7 47. Qd7+ Kb6
48. Qxe8 Qxg2+ 49. Kd1 Qf1+ 50. Kd2 Qf2+ 1/2-1/2

[Event "Reykjavik Open 2026"]
[Site "Reykjavik ISL"]
[Date "2026.03.27"]
[Round "4.139"]
[White "Magnusdottir, Veronika Steinunn"]
[Black "Briem, Gudrun Fanney"]
[Result "0-1"]
[BlackTitle "WCM"]
[WhiteElo "1711"]
[BlackElo "1993"]
[WhiteFideId "2309114"]
[BlackFideId "2317486"]
[EventDate "2026.03.25"]

1. e4 c5 2. Nf3 Nc6 3. d4 cxd4 4. Nxd4 Qb6 5. Nxc6 bxc6 6. Bd3 g6 7. Qe2 d6 8.
c3 Bg7 9. Nd2 Qc7 10. Nc4 e5 11. f4 Nf6 12. O-O O-O 13. fxe5 dxe5 14. Be3 Be6
15. Bc5 Rfd8 16. Ne3 Rd7 17. Bc4 Nxe4 18. Bxe6 fxe6 19. Ba3 Nf6 20. Rad1 Rad8
21. Nc4 Nd5 22. g3 Nb6 23. Rxd7 Rxd7 24. Qg4 Rf7 25. Qxe6 Qd7 26. Qxd7 Rxf1+ 27.
Kxf1 Nxd7 28. Na5 c5 29. Nb7 Bf8 30. Ke2 Kf7 31. Kd3 Ke6 32. g4 Be7 33. c4 h5
34. h3 hxg4 35. hxg4 Kf6 36. Ke4 Kg5 37. Kf3 Kh4 38. b3 g5 39. Na5 Bd6 40. Nb7
Be7 41. Na5 Bf8 42. Nb7 a6 43. Nd8 Be7 44. Nb7 Kh3 45. Na5 e4+ 46. Kxe4 Kxg4 47.
Nc6 Bf8 48. Bb2 Kh3 49. Ne5 Nxe5 50. Bxe5 g4 51. Kd5 g3 52. Bf4 g2 53. Be3 Kg4
54. a3 Kf3 55. Bg1 Ke2 56. b4 cxb4 57. axb4 Bxb4 58. c5 Be1 59. c6 Bg3 60. Kc4
Kf1 61. Bd4 g1=Q 62. Bxg1 Kxg1 63. Kb4 Bc7 0-1

[Event "Reykjavik Open 2026"]
[Site "Reykjavik ISL"]
[Date "2026.03.27"]
[Round "4.140"]
[White "Gulyas Adam Ferenc"]
[Black "Resika, Nathan"]
[Result "1/2-1/2"]
[BlackTitle "FM"]
[WhiteElo "1705"]
[BlackElo "1990"]
[WhiteFideId "2330059"]
[BlackFideId "2008343"]
[EventDate "2026.03.25"]

1. e4 c5 2. Nf3 Nc6 3. d4 cxd4 4. Nxd4 e5 5. Nb5 d6 6. N1c3 a6 7. Na3 Be7 8. Nc4
b5 9. Ne3 Nf6 10. Bd3 O-O 11. Ned5 Nxd5 12. Nxd5 Bg5 13. h4 Bxc1 14. Qxc1 Be6
15. Ne3 Rc8 16. Qd2 Qb6 17. c3 b4 18. c4 Nd4 19. b3 a5 20. Nc2 a4 21. Nxd4 Qxd4
22. Rd1 axb3 23. axb3 Ra8 24. O-O Rfb8 25. Bc2 Qb2 26. Rb1 Qc3 27. Qxc3 bxc3 28.
Rfd1 Ra2 29. Rbc1 Kf8 30. Rxd6 Bxc4 31. bxc4 Rbb2 32. Bd1 c2 33. Bxc2 Rxc2 34.
Rxc2 Rxc2 35. Rc6 Ke7 36. f3 Kd7 1/2-1/2

[Event "Reykjavik Open 2026"]
[Site "Reykjavik ISL"]
[Date "2026.03.27"]
[Round "4.141"]
[White "Thorisson, Benedikt"]
[Black "Tran, Anh Hai"]
[Result "1-0"]
[WhiteElo "2003"]
[BlackElo "1705"]
[WhiteFideId "2314576"]
[BlackFideId "2334259"]
[EventDate "2026.03.25"]

1. e4 e5 2. Nf3 Nc6 3. Bc4 Bc5 4. c3 Nf6 5. d3 d6 6. Nbd2 O-O 7. h3 h6 8. Nf1
Be6 9. Bb3 Qe7 10. g4 g5 11. Ng3 Qd7 12. Nf5 Bxf5 13. gxf5 d5 14. Qe2 dxe4 15.
dxe4 Rad8 16. Nxg5 hxg5 17. Bxg5 Kg7 18. Rg1 Rg8 19. Rg3 Be7 20. Rd1 Qc8 21.
Rxd8 Qxd8 22. Bxf6+ Kxf6 23. Qh5 Rxg3 24. Qxf7+ Kg5 25. Qg6+ Kf4 26. Qxg3+ Kxe4
27. Qg4+ Kd3 28. Qe2# 1-0

[Event "Reykjavik Open 2026"]
[Site "Reykjavik ISL"]
[Date "2026.03.27"]
[Round "4.142"]
[White "Estevez Sacristan, Deva"]
[Black "Renaud, Jacques"]
[Result "1-0"]
[WhiteTitle "CM"]
[WhiteElo "2001"]
[BlackElo "1704"]
[WhiteFideId "32041101"]
[BlackFideId "651088797"]
[EventDate "2026.03.25"]

1. e4 e6 2. d4 d5 3. Nd2 dxe4 4. Nxe4 Nd7 5. Nf3 Ngf6 6. Nxf6+ Nxf6 7. Be3 Nd5
8. Bd2 c5 9. Bb5+ Bd7 10. Bxd7+ Qxd7 11. c4 Nf6 12. Ne5 Qc7 13. Qa4+ Nd7 14. Bf4
Bd6 15. Rd1 Bxe5 16. Bxe5 Qc6 17. Qxc6 bxc6 18. Bd6 cxd4 19. c5 Nf6 20. Rxd4 Nd5
21. O-O a5 22. Re1 Kd7 23. f4 f6 24. Ra4 Ra7 25. a3 Rha8 26. Kf2 Rb7 27. Re2 Rb3
28. Rd2 h6 29. Ke2 Ke8 30. Kd1 Kf7 31. Kc2 Kg6 1-0

[Event "Reykjavik Open 2026"]
[Site "Reykjavik ISL"]
[Date "2026.03.27"]
[Round "4.143"]
[White "Lonnqvist, Henrik"]
[Black "Helgason, Olafur Sindri"]
[Result "1-0"]
[WhiteElo "2000"]
[BlackElo "1699"]
[WhiteFideId "505137"]
[BlackFideId "370243352"]
[EventDate "2026.03.25"]

1. e4 c5 2. Nf3 e6 3. d4 cxd4 4. Nxd4 Bc5 5. Nb3 Bb6 6. Bd3 Nc6 7. Nc3 Nge7 8.
Bf4 d5 9. exd5 Nxd5 10. Nxd5 Qxd5 11. Qg4 Ne7 12. O-O-O Kf8 13. Rhe1 Qc6 14. Qe2
Qxg2 15. Be4 Qh3 16. Rd3 Qh4 17. Qd2 f6 18. c4 Kf7 19. c5 Rd8 20. Bg3 Rxd3 21.
Qxd3 Qh6+ 22. Kb1 f5 23. cxb6 fxe4 24. Rxe4 axb6 25. Be5 Nf5 26. Rc4 Qg6 27.
Rc7+ Ke8 28. Qb5+ Kf8 29. Qb4+ Kg8 30. Ka1 h6 31. Qc3 b5 32. Rxc8+ Rxc8 33.
Qxc8+ Kh7 34. a3 Qg1+ 35. Ka2 Qxf2 36. Qxe6 b4 37. axb4 Ne3 1-0

[Event "Reykjavik Open 2026"]
[Site "Reykjavik ISL"]
[Date "2026.03.27"]
[Round "4.144"]
[White "Urbaniak, Andreas"]
[Black "Bjarnason, Snorri Vikanes"]
[Result "0-1"]
[WhiteElo "1697"]
[BlackElo "1988"]
[WhiteFideId "24685020"]
[BlackFideId "1539833"]
[EventDate "2026.03.25"]

1. e4 e5 2. Nf3 Nc6 3. Bc4 Nf6 4. d3 d5 5. exd5 Nxd5 6. h3 Nb6 7. Bb3 Be7 8. O-O
a5 9. a4 Qd6 10. Nbd2 Qg6 11. Kh2 Qh5 12. Ne4 Bg4 13. Ng3 Bxf3 14. Nxh5 Bxd1 15.
Rxd1 g6 16. Ng3 Nd4 17. Bd2 Nxb3 18. cxb3 Nd5 19. Rac1 c5 20. Ne4 b6 21. Bc3 f6
22. g3 Kf7 23. Bd2 f5 24. Ng5+ Bxg5 25. Bxg5 Nb4 26. Kg2 h6 27. Be3 Rad8 28. Rc3
g5 29. f4 Nd5 0-1

[Event "Reykjavik Open 2026"]
[Site "Reykjavik ISL"]
[Date "2026.03.27"]
[Round "4.145"]
[White "Finke, Kelvin"]
[Black "Jonatansson, Sigurdur Freyr"]
[Result "1-0"]
[WhiteElo "1986"]
[BlackElo "1684"]
[WhiteFideId "3205495"]
[BlackFideId "2303116"]
[EventDate "2026.03.25"]

1. d4 d5 2. Bf4 Nf6 3. e3 c5 4. Nf3 Nc6 5. Nbd2 e6 6. c3 Qb6 7. Rb1 Be7 8. Ne5
O-O 9. Bd3 cxd4 10. exd4 Re8 11. h4 Bd6 12. Qf3 Qc7 13. Qe2 h6 14. O-O Nh7 15.
Rfe1 Qe7 16. Qg4 Nf6 17. Qf3 Nd7 18. Qg3 Bxe5 19. dxe5 Kh8 20. Nf3 f5 21. h5 Qf7
22. Qh4 Nc5 23. Bc2 Ne4 24. Nh2 Qe7 25. Qh3 Ng5 26. Qe3 Nf7 27. Nf3 Rg8 28. g3
g5 29. hxg6 Rxg6 30. Kg2 Kh7 31. Rh1 Qf8 32. Rh5 Ne7 33. Rbh1 Ng8 34. Nd4 Ne7
35. f3 Bd7 36. Kf2 Qg7 37. g4 Rg8 38. Kf1 Ng5 39. gxf5 exf5 40. e6 Ne4 41. Rxh6+
Rxh6 42. Rxh6+ Qxh6 43. Bxh6 Ng3+ 44. Ke1 Be8 45. Bg5 Nc6 46. Nxc6 Bxc6 47. Qf4
Nh5 48. Qxf5+ Kh8 49. Qh7# 1-0

[Event "Reykjavik Open 2026"]
[Site "Reykjavik ISL"]
[Date "2026.03.27"]
[Round "4.146"]
[White "Frederick, Benjamin"]
[Black "Homer, Stephen J"]
[Result "0-1"]
[WhiteElo "1681"]
[BlackElo "1979"]
[WhiteFideId "39936180"]
[BlackFideId "410322"]
[EventDate "2026.03.25"]

1. e4 c5 2. Nc3 Nc6 3. Bb5 Nd4 4. Nf3 a6 5. Bd3 Nc6 6. O-O d6 7. Bc4 Nf6 8. d4
cxd4 9. Nxd4 e6 10. Be3 Be7 11. a4 Nb4 12. f4 d5 13. Bd3 dxe4 14. Bxe4 Nxe4 15.
Nxe4 Nd5 16. Bc1 O-O 17. c3 Qc7 18. Qf3 Bd7 19. f5 e5 20. Ne2 Bc6 21. Qg3 f6 22.
h4 Nb4 23. Nxf6+ Bxf6 24. cxb4 Qb6+ 25. Kh1 Qxb4 26. h5 Qc4 27. Qf2 Bh4 28. Qe3
Rad8 29. Ra3 Qg4 30. Rg1 Bf2 31. Qb3+ Bd5 32. Qh3 Qxe2 33. h6 Bxg1 34. Rg3 Rf7
35. hxg7 Bf2 36. Qh4 Qe1+ 37. Kh2 Bxg3+ 38. Qxg3 Qxg3+ 39. Kxg3 Rxg7+ 0-1

[Event "Reykjavik Open 2026"]
[Site "Reykjavik ISL"]
[Date "2026.03.27"]
[Round "4.147"]
[White "Jensen, Stein"]
[Black "Gilsdottir, Sara"]
[Result "1-0"]
[WhiteTitle "FM"]
[WhiteElo "1982"]
[BlackElo "1681"]
[WhiteFideId "1500724"]
[BlackFideId "1574337"]
[EventDate "2026.03.25"]

1. c4 c5 2. Nc3 g6 3. g3 Bg7 4. Bg2 Nc6 5. Nf3 d6 6. d3 Bf5 7. h4 Qd7 8. Rb1 Nh6
9. a3 Ng4 10. Bd2 Nd4 11. Ng5 h6 12. Nge4 Rb8 13. b4 cxb4 14. axb4 O-O 15. b5
Nf6 16. Nxf6+ exf6 17. O-O Bh3 18. Be3 Bxg2 19. Kxg2 f5 20. Nd5 b6 21. Bxh6 f6
22. Be3 Ne6 23. Qd2 Kf7 24. f3 Rh8 25. Rh1 Nc7 26. Nb4 Rbe8 27. Bf4 Ne6 28. Nd5
Nc7 29. Nb4 Ne6 30. Be3 Nd8 31. Kf2 Re7 32. Nd5 Ree8 33. Ra1 Rh5 34. Qa2 Bh6 35.
Bxh6 Rxh6 36. Qxa7 Qxa7 37. Rxa7+ Kf8 38. Nxf6 1-0

[Event "Reykjavik Open 2026"]
[Site "Reykjavik ISL"]
[Date "2026.03.27"]
[Round "4.148"]
[White "Putnam, Bill Howard"]
[Black "Zuiderweg, Edwin"]
[Result "0-1"]
[WhiteElo "1670"]
[BlackElo "1977"]
[WhiteFideId "39907791"]
[BlackFideId "1012207"]
[EventDate "2026.03.25"]

1. d4 Nf6 2. Nc3 d5 3. Bf4 e6 4. Nb5 Na6 5. e3 c6 6. Nc3 Nc7 7. a3 c5 8. Nf3 a6
9. Ne5 Be7 10. dxc5 Bxc5 11. Bd3 O-O 12. g4 d4 13. Na4 Ba7 14. g5 Nfd5 15. Bxh7+
Kxh7 16. Qh5+ Kg8 17. Nxf7 Nxf4 18. exf4 Rxf7 19. g6 Rxf4 20. Qh7+ Kf8 21. Qh8+
Ke7 22. Qxg7+ Kd6 23. O-O-O Qf6 24. Qh7 Rh4 25. g7 Qg5+ 0-1

[Event "Reykjavik Open 2026"]
[Site "Reykjavik ISL"]
[Date "2026.03.27"]
[Round "4.149"]
[White "Hagestad, Iver Dagsonn"]
[Black "Vitale, Romualdo"]
[Result "0-1"]
[WhiteElo "1666"]
[BlackElo "1975"]
[WhiteFideId "1592335"]
[BlackFideId "862134"]
[EventDate "2026.03.25"]

1. d4 d5 2. Bf4 c5 3. e3 Nc6 4. Nf3 cxd4 5. exd4 Bf5 6. c3 e6 7. Nbd2 Bd6 8. Ne5
f6 9. Nxc6 bxc6 10. Bxd6 Qxd6 11. Nf3 e5 12. Nh4 Be6 13. g3 Ne7 14. Bd3 e4 15.
Bc2 O-O 16. Qe2 Bh3 17. Rg1 Rab8 18. Bb3 Qe6 19. Ng2 Bg4 20. Nf4 Qf5 21. Qe3 g5
22. Ng2 Bf3 23. Kd2 Qh3 24. Ne1 Nf5 0-1